The NEC: a user's guide (Record no. 74307)

MARC details
000 -LEADER
fixed length control field 01221cab a2200229 4500
001 - CONTROL NUMBER
control field ABS67575
008 - FIXED-LENGTH DATA ELEMENTS--GENERAL INFORMATION
fixed length control field 040326n2004 000 0 eng u
035 ## - SYSTEM CONTROL NUMBER
System control number (Sirsi) u125606
100 ## - MAIN ENTRY--PERSONAL NAME
Personal name Hemsley, A.
245 #4 - TITLE STATEMENT
Title The NEC: a user's guide
260 ## - PUBLICATION, DISTRIBUTION, ETC.
Date of publication, distribution, etc. 2004
490 ## - SERIES STATEMENT
Series statement Building
Volume/sequential designation 269(8231) 27 February 2004, 51(1)
520 ## - SUMMARY, ETC.
Summary, etc. Examines the changing of partnering contracts and the need for more consideration as to how the contracts operate. This is the case with the New Engineering Contract (NEC) which works quite differently to the JCT forms. For example, the NEC contract for compensation events includes quite defined and tight timescales for notification. Argues for users of a new contract to consult the provisions frequently and use it as a day-to-day management tool. Further believes that the language of the NEC contract should be made simpler.
590 ## - LOCAL NOTE (RLIN)
Local note ABS
650 ## - SUBJECT ADDED ENTRY--TOPICAL TERM
Topical term or geographic name entry element BUILT ENVIRONMENT-BUILDING CONTRACT FORMS-STANDARD FORMS OF BUILDING CONTRACT-JOINT CONTRACTS TRIBNUAL CONTRACTS
650 ## - SUBJECT ADDED ENTRY--TOPICAL TERM
Topical term or geographic name entry element NEW ENGINEERING CONTRACT
650 ## - SUBJECT ADDED ENTRY--TOPICAL TERM
Topical term or geographic name entry element PPC 2000
650 ## - SUBJECT ADDED ENTRY--TOPICAL TERM
Topical term or geographic name entry element PARTNERING AGREEMENTS
650 ## - SUBJECT ADDED ENTRY--TOPICAL TERM
Topical term or geographic name entry element CONTRACT PROCEDURE
690 ## - LOCAL SUBJECT ADDED ENTRY--TOPICAL TERM (OCLC, RLIN)
Topical term or geographic name as entry element BUILT ENVIRONMENT-BUILDING CONTRACT FORMS
942 ## - ADDED ENTRY ELEMENTS (KOHA)
Suppress in OPAC 0
Holdings
Withdrawn status Lost status Source of classification or shelving scheme Damaged status Not for loan Home library Current library Shelving location Date acquired Total Checkouts Full call number Barcode Date last seen Copy number Price effective from Koha item type
    Dewey Decimal Classification     London London Journal article 26/03/2004   ABS67575 125606-1001 06/08/2019 1 06/08/2019 Journal article